000 00334nam a2200133 i 4500
001 bg
100 1 _aSOLARZ, Jan Krzysztof
245 0 _aInnowacje w organizacjach gospodarczych /
_cJan Krzysztof Solarz.
260 _aWarszawa,
_c1981.
040 _cBPK
041 _apol
942 _cKS
008 s pl f |000 0 pol
999 _c20282
_d20282
856 _uhttp://koha.tu.koszalin.pl/cgi-bin/koha/opac-detail.pl?biblionumber=20282
_yKatalog online BPK